000 00421nam a2200181Ia 4500
001 13150
005 20260306163032.0
008 260306t2017||||xx |||||||||||||| ||spa||
041 _aESP
082 _a371.042
_bL35
100 _aL'Ecuyer, Catherine,
_eAUT
245 0 _aEducar en la realidad
260 _c2017
300 _a216 páginas :
_c22 cm.
650 _aGEN
654 _aCED
942 _cLIB
_dJUS
_fJUS
_2ddc
_n
999 _c13150
_d13150